Angular momentum in quantum mechanics
Αποθηκεύτηκε σε:
| Κύριος συγγραφέας: | |
|---|---|
| Μορφή: | Βιβλίο |
| Γλώσσα: | English |
| Δημοσίευση: |
Princeton, N.J. :
Princeton University Press,
1996.
|
| Σειρά: | Princeton landmarks in mathematics and physics
|
| Θέματα: | |
| Ετικέτες: |
Προσθήκη ετικέτας
Δεν υπάρχουν, Καταχωρήστε ετικέτα πρώτοι!
|
MARC
| LEADER | 00000cam a2200000 i 4500 | ||
|---|---|---|---|
| 001 | 1/1443 | ||
| 008 | 000417s1996 nju| ||| |||| ||eng|| | ||
| 020 | |a 0691025894 | ||
| 035 | |l 10060020 | ||
| 040 | |a GR-MyUa |b gre |e AACR2 | ||
| 041 | 0 | |a eng | |
| 082 | 7 | |a 530.12 |2 (20) | |
| 100 | 1 | |a Edmonds, A. R. | |
| 245 | 1 | 0 | |a Angular momentum in quantum mechanics / |c by A.R. Edmonds. |
| 260 | |a Princeton, N.J. : |b Princeton University Press, |c 1996. | ||
| 300 | |a viii, 146 σ. ; |c 25 εκ. | ||
| 490 | 1 | |a (Princeton landmarks in mathematics and physics) | |
| 504 | |a Περιλαμβάνει βιβλιογραφίες και ευρετήριο. | ||
| 650 | 0 | 0 | |a Angular momentum (Nuclear physics) |
| 830 | 0 | |a Princeton landmarks in mathematics and physics | |
| 852 | |a INST |b SAMOS |e 20000417 |h 530.12 EDM |p 005300017650 |q 005300017650 |t BK |y 0 | ||
| 901 | |a BIBL3-2000-1 | ||
| 922 | |a 3ΕΛΗ |b 200003 |c ΚΠΣ |d ΠΑΠΑΣΩΤΗΡΙΟΥ | ||
| 950 | |a 116-1999-12-30 | ||
| 970 | |a ΚΟΣΙΕΡΗΣ |b ΧΡΗΣΤΟΣ |z 2000/04/20 | ||